L'angolino di Luce /

সংরক্ষণ করুন:
গ্রন্থ-পঞ্জীর বিবরন
প্রধান লেখক: Tropea, Elisa Stefania (লেখক)
বিন্যাস: গ্রন্থ
ভাষা:ইতালিয়
প্রকাশিত: Cosenza : Coessenza, 2011
মালা:Itineris ; 1
ট্যাগগুলো: ট্যাগ যুক্ত করুন
কোনো ট্যাগ নেই, প্রথমজন হিসাবে ট্যাগ করুন!

MARC

LEADER 00000nam a22000007i 4500
001 IT\ICCU\BVE\0588323
003 ItRI
005 20251029111453.0
008 130107s2011 it |||||| ||||| |||||c
020 |a 9788896741061 
040 |b ita  |c ct 
041 7 |a ita  |2 ISO-639-2 
100 1 |a Tropea, Elisa Stefania  |0 IT\ICCU\RCAV\196525  |4 aut 
245 1 2 |a L'angolino di Luce /  |c Elisa Stefania Tropea. 
260 |a Cosenza :  |b Coessenza,  |c 2011 
300 |a 167 p. ;  |c 22 cm 
830 0 |a Itineris ;  |v 1  |0 IT\ICCU\BVE\0588324 
942 |2 ddc  |c BK 
952 |0 0  |1 0  |2 ddc  |4 0  |6 853_910000000000000_TRO_LAN  |7 0  |9 333  |a GE  |b GE  |d 2015-12-17  |l 0  |o 853.91 TRO LAN  |p 3121  |r 2023-11-23 14:25:00  |w 2023-11-23  |y BK 
981 1 |6 z01  |a i   |b xxxe  
982 1 |6 z01  |a n 
999 |c 242  |d 242